| 000 | 00525nam a22001817a 4500 | ||
|---|---|---|---|
| 003 | CEME | ||
| 005 | 20210628203124.0 | ||
| 008 | 210127b xxu||||| |||| 00| 0 eng d | ||
| 020 | _a81-203-2119-7 | ||
| 040 | _c. | ||
| 082 | _a629.8 GOO | ||
| 100 |
_aGoodwin, Graham C ; Graebe, Stefan F ; Salgado, Mario E _963444 |
||
| 245 | _aControl system design | ||
| 260 |
_aNEW DELHI _bPRENTICE HALL OF INDIA _c2003 |
||
| 300 | _aXXIX,808P | ||
| 650 |
_aCONTROL SYSTEM DESIGN.CONTROL SYSTEM ENGINEERING _963445 |
||
| 942 |
_cBK _2ddc |
||
| 999 |
_c572265 _d572265 |
||